Регионална библиотека "Любен Каравелов" - Русе

Съветски авиационни конструктори (Запис номер 61088)

MARC детайли
000 -Лидер
Контролно поле с фиксирана дължина 01646nam a2200373 c 4500
003 - Код на организацията, давaща контролен номер
Контролно поле BLK
005 - Дата и час на последна редакция
Контролно поле 20180420223027.0
008 - Елементи от данни с фиксирана дължина
fixed length control field 180408b bul|||||r ||||||| ||bul||
010 ## - Наследен системен номер
LC control number KNG00065281000
040 ## - Източник на каталожния запис
Идентификатор на билиотеката - собственик на записа BLK
041 ## - Код за език
Код за езика на текст/звукозапис или на отделно заглавие Български
Код за езика КДБФ Български
080 ## - УДК
Текстов определител УДК Въздухоплаване. Авиация
УДК код - определител по УДК 629.73
УДК определител (47+57)(092)
УДК - код + определител 629.73(47+57)(092)
080 ## - УДК
Текстов определител УДК Биографии
УДК код - определител по УДК 929
УДК определител (47+57)
УДК - код + определител 929(47+57)
100 1# - Редна дума - Автор
Автор Пономарьов, Александър Н.
Авторска отговорност първи автор
R(LIN) 290316
139 ## - Редно поле
Редна дума Пономарьов, Александър Н.
Авторски знак Пон - П 73
245 10 - Сведения за заглавието
Заглавие Съветски авиационни конструктори
Подзаглавни данни Биогр. очерци : Ч. 1 -
Редно поле (дума) Александър Н. Пономарьов; прев. от рус. Александър Симеонов.
Том Ч. 1
257 ## - Страна на издаване
Страна на създаване/издаване Русия
260 ## - Област на издателските данни
-- София
Име на издателя, разпространителя и проч. Воен. изд.
Година на издаване 1983 -
300 ## - Физическа характеристика
Страници 154 с.
Размери/Мащаб 21 см
380 ## - Жанр
Жанр Техника
490 1# - СЕРИИ (Колекции)
Име на серия В света на военната техника
500 ## - Общи забележки
Забележка Ориг. загл. Советские авиационные конструкции / А. Н. Пономарев
650 #4 - Допълнително описание по предмет – тема
Основно описание – тема или топоним Авиоконструктори, руски
9 (RLIN) 290318
653 ## - Ключова дума – ненормативна
Ключова дума авиоконструктори
653 ## - Ключова дума – ненормативна
Ключова дума СССР
653 ## - Ключова дума – ненормативна
Ключова дума биографии
700 1# - Други автори (авторска отговорност)
Лично име Симеонов, Александър
Автороска отговорност (Описва отношението между автора и произведението) прев. от рус.
9 (RLIN) 290317
760 1# - Описание на основната серия
Редна дума на основното описание Пономарьов, Александър Н.
Място на издаване, издател и година 1983
Страници - том 167 с. : с ил., портр.
Заглавие Ч. 1
852 ## - Местоположение
Форматна сигнатура Цб 122558
856 4# - Електронен адрес и достъп
Електронен формат pdf - файл
Път до файла /url/
856 4# - Електронен адрес и достъп
Електронен формат pdf - файл
Път до файла /url/
942 ## - АРТИКУЛИ
Вид на библиотечния материал Книги
Скрит в OPAC Не
944 ## - СЪЗДАВАНЕ И РЕДАКЦИЯ на ЗАПИСА
Създаване/Редакция Създаване
Дата на регистрацията/редакция 13.06.2004
Служител, извършил регистрацията/редакцията Кети_Илиева
944 ## - СЪЗДАВАНЕ И РЕДАКЦИЯ на ЗАПИСА
Създаване/Редакция Редакция
Дата на регистрацията/редакция 04.11.2016
Служител, извършил регистрацията/редакцията Вася_Ганчева
999 ## - СИСТЕМНИ КОНТРОЛНИ НОМЕРА
Koha biblionumber 61088
Koha biblioitemnumber 61088
Наличности
Код за отписване Код за изгубен артикул Източник на класификационната схема Код за повреда Коз за рестрикции Код за отдаване Артикулен № Име на библиотеката - собственик Име на библиотеката, в която се намира в момента Статус (Текущо местоположение) Дата на вписване в системата Местоположение - отдел Цена в лева Инвентарен номер Систематично азбучна сигнатура Баркод Номер на екземпляра Цена в евро Служебна бележка Служебен тип на артикула
  Не е изгубен Universal Decimal Classification Не е повреден без рестрикции ползва се в читалня 100872 Регионална библиотека "Любен Каравелов" Русе Регионална библиотека "Любен Каравелов" Русе Хранилище 1983-01-01 Хранилище 1.02 382229 Цб 122558 900000018109 1 0.52 Дост: Dp Вид: Д N: стар фонд Дата: 01.01.1983 Книги
Изтеглен Не е изгубен Universal Decimal Classification Не е повреден без рестрикции заемане за дома 100873 Регионална библиотека "Любен Каравелов" Русе Регионална библиотека "Любен Каравелов" Русе Заемна - подръчен фонд 1983-01-01 Заемна - подръчен фонд 1.02 385433 П 629.73(092)/П 73 385433 2 0.52 Дост: Pk Вид: Ф N: стар фонд Дата: 01.01.1983 Книги
  Не е изгубен Universal Decimal Classification Не е повреден без рестрикции ползва се в читалня 100874 Регионална библиотека "Любен Каравелов" Русе Регионална библиотека "Любен Каравелов" Русе Читалня 1983-01-01 Читалня 1.02 385436 Ч 629.7/П 73 120000385436 3 0.52 Дост: Pk Вид: Ф N: стар фонд Дата: 01.01.1983 Дата инв: 24.03.2017 Бележки инв: Ч2017 Книги
Vip Innovations Ltd, Rousse, Bulgaria 2025